Statistics for Historical Figures by Letter - S #1

Click here to take the quiz!

General Stats

  • This quiz has been taken 174 times
  • The average score is 12 of 20

Answer Stats

HintFigure% Correct
Plato's teacherSocrates
98%
Playwright known as "The Bard"William Shakespeare
95%
He invented the blue jeansLevi Strauss
75%
Author of "Dracula"Bram Stoker
69%
Former Emperor of EthiopiaHaile Selassie
66%
Poet from LesbosSappho
66%
King Edward VIII abdicated
to marry her
Wallis Simpson
66%
7-time German F1 championMichael Schumacher
65%
Most well-known Zulu leaderShaka
64%
Muslim commander who earned
the Crusaders' respect
Saladin
62%
Journalist who presumably found
Dr. Livingstone in Africa
Henry Morton
Stanley
60%
Father of EconomicsAdam Smith
56%
Abolitionist author of
"Uncle Tom's Cabin"
Harriet Beecher
Stowe
53%
"Taxi Driver" directorMartin Scorsese
52%
"Oye Como Va" guitaristCarlos Santana
44%
First President of IndonesiaSukarno
38%
Mexican singer killed in 1995Selena
34%
Billionaire targeted with many
conspiracy theories
George Soros
33%
"The Rite of Spring" composerIgor Stravinsky
33%
Opened the first birth control
clinic in the US
Margaret
Sanger
26%

Score Distribution

Percentile by Number Answered

Percent of People with Each Score

Your Score History

You have not taken this quiz